Vyhliadka a vinárstvo, Pezinok

Na minha lista:
Detalhes bibliográficos
Autor principal: Zakovičová, Barbora (Author)
Outros Autores: Andráš, Milan (Thesis advisor)
Formato: Manuscrito Livro
Idioma:eslovaco
Publicado em: 2024
Assuntos:
Acesso em linha:http://is.stuba.sk/zp/portal_zp.pl?podrobnosti=162045
Tags: Adicionar Tag
Sem tags, seja o primeiro a adicionar uma tag!

MARC

LEADER 00000ntm a22000003a 4500
001 stuzp99571
003 SK-STU
005 20240615211526.9
007 ta
008 150427s2015----xo-----f-mn---000-0-slo-d
040 |a STU  |b slo 
041 0 |a slo 
100 1 |a Zakovičová, Barbora  |u 058180  |4 aut  |U FAD Fakulta architektúry a dizajnu  |T FAD Ústav architektúry občianskych budov  |X 110302  |U A8180  |Y 399  |7 110302 
242 0 1 |a Lookout Point and Winery, Pezinok  |y eng 
245 1 0 |a Vyhliadka a vinárstvo, Pezinok 
260 |c 2024 
650 4 |a vyhliadka  |2 slo 
650 4 |a vinárstvo  |2 slo 
650 4 |a bakalárska práca  |2 slo 
650 4 |a bachelor thesis  |2 eng 
650 4 |a lookout tower  |2 eng 
650 4 |a winery  |2 eng 
700 1 |a Andráš, Milan  |4 ths  |X 4208  |7 A000004208 
856 4 |u http://is.stuba.sk/zp/portal_zp.pl?podrobnosti=162045